What's in store? (Record no. 71794)

MARC details
000 -LEADER
fixed length control field 00789cam a2200205 4500
001 - CONTROL NUMBER
control field ABS66221
008 - FIXED-LENGTH DATA ELEMENTS--GENERAL INFORMATION
fixed length control field 021217n2002 000 0 eng u
035 ## - SYSTEM CONTROL NUMBER
System control number (Sirsi) u120814
100 ## - MAIN ENTRY--PERSONAL NAME
Personal name Purcell, S
245 ## - TITLE STATEMENT
Title What's in store?
260 ## - PUBLICATION, DISTRIBUTION, ETC.
Date of publication, distribution, etc. 2002
490 ## - SERIES STATEMENT
Series statement Solicitors' Journal
Volume/sequential designation 146(43) 15 November 2002, 1024-1025(2))
520 ## - SUMMARY, ETC.
Summary, etc. Speculates on the future of the property market over the coming year. Predictions include acceleration in rental growth, bouyant housing market, and property set for total return of around 10%. Concludes outlook for property in general is still positive.
590 ## - LOCAL NOTE (RLIN)
Local note ABS
650 ## - SUBJECT ADDED ENTRY--TOPICAL TERM
Topical term or geographic name entry element RENTAL GROWTH
650 ## - SUBJECT ADDED ENTRY--TOPICAL TERM
Topical term or geographic name entry element RESIDENTIAL MARKET
650 ## - SUBJECT ADDED ENTRY--TOPICAL TERM
Topical term or geographic name entry element RETURNS
690 ## - LOCAL SUBJECT ADDED ENTRY--TOPICAL TERM (OCLC, RLIN)
Topical term or geographic name as entry element PROPERTY-COMMERCIAL PROPERTY-COMMERCIAL PROPERTY MARKET
942 ## - ADDED ENTRY ELEMENTS (KOHA)
Suppress in OPAC 0
Holdings
Withdrawn status Lost status Source of classification or shelving scheme Damaged status Not for loan Home library Current library Shelving location Date acquired Total Checkouts Full call number Barcode Date last seen Copy number Price effective from Koha item type
    Dewey Decimal Classification     London London Journal article 17/12/2002   ABS66221 120814-1001 06/08/2019 1 06/08/2019 Journal article